00253nam a2200097Ia 4500082001200000100002800012245005300040260002900093300001000122650002300132 aTL.0053 aLohar, Raghunath Makadu 0aAhilyabai Holkar va tichee karkeerd (in Marathi) c1976bUniversity of Pune a875p. aHOLKAR, AHILYABAI